The magic school bus : (Record no. 6396)
[ view plain ]
| 000 -LEADER | |
|---|---|
| fixed length control field | 01209nam a22002897a 4500 |
| 001 - CONTROL NUMBER | |
| control field | 6396 |
| 003 - CONTROL NUMBER IDENTIFIER | |
| control field | FISKH |
| 005 - DATE AND TIME OF LATEST TRANSACTION | |
| control field | 20251218154401.0 |
| 008 - FIXED-LENGTH DATA ELEMENTS--GENERAL INFORMATION | |
| fixed length control field | 250428b cb ||||| |||| 00| 0 eng d |
| 020 ## - INTERNATIONAL STANDARD BOOK NUMBER | |
| International Standard Book Number | 9780590446891 |
| 040 ## - CATALOGING SOURCE | |
| Original cataloging agency | FISKH |
| Language of cataloging | eng |
| Transcribing agency | FISKH |
| Modifying agency | FISKH |
| 050 ## - LIBRARY OF CONGRESS CALL NUMBER | |
| Classification number | QE862.D5 C694 |
| 082 ## - DEWEY DECIMAL CLASSIFICATION NUMBER | |
| Classification number | 567.91 |
| 100 ## - MAIN ENTRY--PERSONAL NAME | |
| Personal name | Cole, Joanna |
| 245 ## - TITLE STATEMENT | |
| Title | The magic school bus : |
| Remainder of title | In the time of the Dinosaurs / |
| Statement of responsibility, etc. | By Joanna Cole ; Illustrated by Bruce Degen |
| 260 ## - PUBLICATION, DISTRIBUTION, ETC. | |
| Place of publication, distribution, etc. | New York : |
| Name of publisher, distributor, etc. | Scholastic, |
| Date of publication, distribution, etc. | 1994. |
| 300 ## - PHYSICAL DESCRIPTION | |
| Extent | 48 pages : |
| Other physical details | color illustrations ; |
| Dimensions | 22 x 26 cm |
| 505 ## - FORMATTED CONTENTS NOTE | |
| Formatted contents note | P<br/> |
| 520 ## - SUMMARY, ETC. | |
| Summary, etc. | Juvenile Nonfiction. Reference. HTML:The classroom is decorated as Dinosaur Land, but Ms. Frizzle-inspired by an archeological dig-craves a more authentic experience. The Magic School Bus turns into a time machine and transports the class back millions of years to an adventure where they learn about dinosaurs, their habitats and diets, and even a Maiasaura nesting ground.<br/> |
| 521 8# - TARGET AUDIENCE NOTE | |
| Target audience note | 650<br/> |
| Source | Lexile estimate<br/> |
| 521 8# - TARGET AUDIENCE NOTE | |
| Target audience note | P<br/> |
| Source | Raz-Plus<br/> |
| 650 ## - SUBJECT ADDED ENTRY--TOPICAL TERM | |
| Topical term or geographic name entry element | Dinosaurs |
| Form subdivision | Fiction |
| General subdivision | Elementary |
| 650 ## - SUBJECT ADDED ENTRY--TOPICAL TERM | |
| Topical term or geographic name entry element | Fossils |
| 700 ## - ADDED ENTRY--PERSONAL NAME | |
| Personal name | Degen, Bruce |
| Relator term | illustrator |
| 942 ## - ADDED ENTRY ELEMENTS (KOHA) | |
| Source of classification or shelving scheme | Dewey Decimal Classification |
| Koha item type | Books |
| Suppress in OPAC | No |
| Withdrawn status | Lost status | Source of classification or shelving scheme | Damaged status | Not for loan | Collection | Home library | Current library | Shelving location | Date acquired | Total Checkouts | Full call number | Barcode | Date due | Date last seen | Date last checked out | Copy number | Price effective from | Koha item type |
|---|---|---|---|---|---|---|---|---|---|---|---|---|---|---|---|---|---|---|
| Dewey Decimal Classification | Juvenile Fiction | Footprints International School Library Network Toul Kork Campus | Footprints International School Library Network Toul Kork Campus | TK Primary Library Room(4th Floor), Bookcase 5&6, Shelves 33-56, Orange Books | 04/28/2025 | 1 | COL 567.91 QE862.D5 C694 | FISBK05119 | 04/03/2026 | 03/20/2026 | 03/20/2026 | 1 | 04/28/2025 | Books | ||||
| Dewey Decimal Classification | Juvenile Fiction | Footprints International School Library Network Toul Tom Poung Campus | Footprints International School Library Network Toul Tom Poung Campus | TTP Primary Orange Bookshelves | 12/18/2025 | COL 567.91 QE862.D5 C694 | FIS03338 | 12/18/2025 | 2 | 12/18/2025 | Books |
